| 000 | 00515nam a22001937a 4500 | ||
|---|---|---|---|
| 003 | CEME | ||
| 005 | 20210628202507.0 | ||
| 008 | 210122b xxu||||| |||| 00| 0 eng d | ||
| 020 | _a0-86341-360-9 | ||
| 040 | _c. | ||
| 082 | _a621.3848 GRO | ||
| 100 |
_aDaniels, David .J _960146 |
||
| 245 | _aGround penetrating radar | ||
| 250 | _a2ND | ||
| 260 |
_aNEW YORK _bTHE INSTITUTE OF ELECTRICAL ENGINEERING _c2004 |
||
| 300 | _aXVII,726 P | ||
| 650 |
_aRADAR. SONAR.NAVIGATION.AVIONICS. _960147 |
||
| 942 |
_cBK _2ddc |
||
| 999 |
_c569952 _d569952 |
||